000 00981nam a22002657a 4500
999 _c22521
_d22521
003 AR-CdUCM
008 190409b ||||| |||| 00| 0 spa d
020 _a9786124697845
040 _aMUNICIPALIDAD PROVINCIAL DEL CUSCO
_cBIBLIOTECA MUNICIPAL DEL CUSCO
082 _a303.625/C83A
_bC83A
100 _aCossio, Jesús
_948415
245 _aLos años del terror :
_b50 preguntas sobre el Conflicto Armado en Perú, 1980-2000 /
_cguión y dibujos por Jesús Cossio
260 _aLima :
_bEdiciones Contracultura,
_bAaveha,
_c2016.
300 _a132 páginas sin numerar :
_bilustraciones ;
_c21 cm.
500 _aGlosario: páginas [128-129]
650 _aFujimori Fujimori, Alberto
_912748
650 _aSendero Luminoso
_91687
650 _aTerrorismo
_91688
650 _aViolencia política
_97220
650 _aActividades subversivas
_948416
650 _aVíctimas del terrorismo
_944970
650 _aCorrupción política
_97666
942 _2ddc
_cLIBROS
945 _arac